Alternative Solution of Travelling Salesman Problem in MS Excel

Salvato in:
Dettagli Bibliografici
Autore principale: Brezina, Ivan, 1963-
Altri autori: Pekár, Juraj, 1972-, Reiff, Marian, 1978-
Natura: Capitolo di libro
Lingua:inglese
Soggetti:
Tags: Aggiungi Tag
Nessun Tag, puoi essere il primo ad aggiungerne!!

MARC

LEADER 00000naa$a2200000$$$4500
001 0305569
005 20250128095513.9
041 0 |a eng 
044 |a SK 
245 1 0 |a Alternative Solution of Travelling Salesman Problem in MS Excel  |c Ivan Brezina, Juraj Pekár, Marian Reiff 
500 |a Abstrakt 
610 2 0 |a cestujúci 
610 2 0 |a obchod 
100 1 |a Brezina, Ivan, 1963- 
700 1 |a Pekár, Juraj, 1972- 
700 1 |a Reiff, Marian, 1978-